00430nam a2200121Ia 45000010005000000080041000050820030000461000062000762450104001382600024002429010027002669990015002933114241024s9999 xx 000 0 und d aRD/352.14/R426o/2010-2011 aRepública Dominicana. Ministerio de Educación. MINERD 0aPropuesta de Ordenanza para estudiantes: Validación Pruebas Nacionales y record de calificaciones bSanto Domingoc2011 a8/8/2013 10:52:19 a.m. c9474d9474